Electric and magnetic interactions / (Record no. 9648)
[ view plain ]
| 000 -LEADER | |
|---|---|
| fixed length control field | 00999cam a2200337 a 4500 |
| 001 - CONTROL NUMBER | |
| control field | 9648 |
| 003 - CONTROL NUMBER IDENTIFIER | |
| rucl marc code | BD RJUL |
| 005 - DATE AND TIME OF LATEST TRANSACTION | |
| control field | 20211208234819.0 |
| 008 - FIXED-LENGTH DATA ELEMENTS--GENERAL INFORMATION | |
| fixed length control field | 210114s1995 nyua 001 0 eng |
| 020 ## - INTERNATIONAL STANDARD BOOK NUMBER | |
| International Standard Book Number | 0471078476 (pbk. : acidfree paper) |
| 035 ## - SYSTEM CONTROL NUMBER | |
| System control number | BD RJUL |
| System control number | (OCoLC)30895858 |
| System control number | (OCoLC)32050974 |
| 040 ## - CATALOGING SOURCE | |
| Original cataloging agency | DLC |
| Transcribing agency | DLC |
| Modifying agency | UKM |
| -- | BD RJUL |
| Language of cataloging | eng |
| 041 ## - LANGUAGE CODE | |
| Language code of text/sound track or separate title | eng |
| 082 00 - DEWEY DECIMAL CLASSIFICATION NUMBER | |
| Classification number | 537 |
| Edition number | 20 |
| Author mark and year | CHE 1995 |
| 100 1# - MAIN ENTRY--PERSONAL NAME | |
| Personal name | Chabay, Ruth W. |
| 9 (RLIN) | 29871 |
| 245 10 - TITLE STATEMENT | |
| Title | Electric and magnetic interactions / |
| Statement of responsibility, etc. | Ruth W. Chabay, Bruce A. Sherwood. |
| 246 14 - VARYING FORM OF TITLE | |
| Title proper/short title | Electric & magnetic interactions |
| 260 ## - PUBLICATION, DISTRIBUTION, ETC. (IMPRINT) | |
| Place of publication, distribution, etc. | New York : |
| Name of publisher, distributor, etc. | Wiley, |
| Date of publication, distribution, etc. | c1995. |
| 300 ## - PHYSICAL DESCRIPTION | |
| Pagination | xii, 660 p. : |
| Illustrations | ill. ; |
| Size | 28 cm. |
| 500 ## - GENERAL NOTE | |
| General note | Includes index. |
| 650 #0 - SUBJECT ADDED ENTRY--TOPICAL TERM | |
| Topical term or geographic name as entry element | Electromagnetic fields. |
| 9 (RLIN) | 27745 |
| Topical term or geographic name as entry element | Electric fields. |
| 9 (RLIN) | 29872 |
| Topical term or geographic name as entry element | Magnetic fields. |
| 9 (RLIN) | 27977 |
| 653 0# - INDEX TERM--UNCONTROLLED | |
| Uncontrolled term | Electric fields |
| 700 1# - ADDED ENTRY--PERSONAL NAME | |
| Personal name | Sherwood, Bruce A. |
| 942 ## - ADDED ENTRY ELEMENTS (KOHA) | |
| Source of classification or shelving scheme | Dewey Decimal Classification |
| Koha item type | Books |
| Lost status | Source of classification or shelving scheme | Damaged status | Not for loan | Collection code | Permanent Location | Current Location | Shelving location | Date acquired | Source of acquisition | Cost, normal purchase price | Total Checkouts | Full call number | Date last seen | Date checked out | Copy number | Koha item type |
|---|---|---|---|---|---|---|---|---|---|---|---|---|---|---|---|---|
| Dewey Decimal Classification | Non-fiction | Central Library, University of Rajshahi | Central Library, University of Rajshahi | 13/04/2006 | paragon book cop. | 51.95 | 1 | 537 CHE 1995 | 15/06/2016 | 04/05/2016 | C-2 | Books | ||||
| Dewey Decimal Classification | Not For Loan | Non-fiction | Central Library, University of Rajshahi | Central Library, University of Rajshahi | Reading Room | 08/12/2021 | Chittagong.Syntax. | 69.95 | 537 CHE 1995 | 28/03/2017 | C-1 | Books |